[Event "Reykjavik op"]
[Site "Reykjavik"]
[Date "2023.04.02"]
[Round "7"]
[White "Hausken, Andreas Skrede"]
[Black "Kularatnam, Kaushalya"]
[Result "1-0"]
[WhiteElo "1987"]
[BlackElo "1563"]
[PlyCount "99"]
[EventDate "2023.03.29"]
[EventType "swiss"]
[EventRounds "9"]
[EventCountry "ISL"]
[SourceTitle "EXT 2024"]
[Source "ChessBase"]
[SourceDate "2023.10.10"]
[SourceVersion "1"]
[SourceVersionDate "2023.10.10"]
[SourceQuality "1"]

1. e4 c5 2. c3 d5 3. exd5 Qxd5 4. d4 Nc6 5. Nf3 Bg4 6. Nbd2 e6 7. Bc4 Qd8 8. Qb3 Qc7 9. 0-0 Nf6 10. Bb5 Bd6 11. dxc5 Bxc5 12. Qc4 Bd6 13. h3 Bxf3 14. Nxf3 0-0 15. Bg5 Ne5 16. Nxe5 Bxe5 17. Rfe1 Qxc4 18. Bxc4 Bc7 19. Rad1 Rad8 20. Be2 Rxd1 21. Rxd1 Rd8 22. Rxd8+ Bxd8 23. Bf3 b6 24. Kf1 h6 25. Bf4 Kf8 26. Ke2 Nd5 27. Bd2 Bg5 28. Bxg5 hxg5 29. Bxd5 exd5 30. Kd3 Ke7 31. Kd4 Kd6 32. a4 a6 33. c4 dxc4 34. Kxc4 f6 35. b4 g6 36. Kd4 a5 37. bxa5 bxa5 38. Kc4 Kc6 39. g4 Kb6 40. Kd5 Kb7 41. f3 f5 42. gxf5 gxf5 43. Ke5 Kc6 44. Kxf5 Kc5 45. Kxg5 Kb4 46. h4 Kxa4 47. h5 Kb3 48. h6 a4 49. h7 a3 50. h8Q 1-0

[Event "Reykjavik op"]
[Site "Reykjavik"]
[Date "2023.04.01"]
[Round "6"]
[White "Rusten, Daniel Garatun"]
[Black "Hausken, Andreas Skrede"]
[Result "0-1"]
[WhiteElo "1169"]
[BlackElo "1987"]
[PlyCount "52"]
[EventDate "2023.03.29"]
[EventType "swiss"]
[EventRounds "9"]
[EventCountry "ISL"]
[SourceTitle "CBM 213 Extra"]
[Source "ChessBase"]
[SourceDate "2023.05.31"]
[SourceVersion "1"]
[SourceVersionDate "2023.05.31"]
[SourceQuality "1"]

1. e4 e5 2. Nf3 Nc6 3. Bb5 a6 4. Ba4 Nf6 5. 0-0 b5 6. Bb3 Bc5 7. c3 d6 8. Re1 0-0 9. d4 Bb6 10. Bg5 h6 11. Bh4 g5 12. Bg3 Bg4 13. h3 Bxf3 14. gxf3 exd4 15. f4 Qd7 16. f5 Rfe8 17. Bc2 dxc3 18. Nxc3 Bd4 19. Qd2 Ne5 20. Kg2 Bxc3 21. Qxc3 Nh5 22. Bxe5 Rxe5 23. Rad1 Nf4+ 24. Kg3 Qe7 25. h4 Kh7 26. Rh1 Ne2+ 0-1

[Event "Fagernes Autumn op"]
[Site "Fagernes"]
[Date "2022.10.13"]
[Round "6"]
[White "Krivenko, Dion"]
[Black "Hausken, Andreas Skrede"]
[Result "1-0"]
[WhiteElo "2107"]
[BlackElo "2050"]
[PlyCount "45"]
[EventDate "2022.10.09"]
[EventType "swiss"]
[EventRounds "9"]
[EventCountry "NOR"]
[SourceTitle "CBM 210 Extra"]
[Source "ChessBase"]
[SourceDate "2022.11.30"]
[SourceVersion "1"]
[SourceVersionDate "2022.11.30"]
[SourceQuality "1"]

1. e4 e5 2. Nf3 Nc6 3. d4 exd4 4. Nxd4 Qf6 5. Nb3 Qg6 6. Qe2 Nf6 7. Nc3 Bb4 8. Bd2 0-0 9. 0-0-0 Bxc3 10. Bxc3 Nxe4 11. Be1 Re8 12. f3 Nf6 13. Qf2 d5 14. g4 a5 15. Bd3 Qg5+ 16. Bd2 Qe5 17. Rhe1 Qd6 18. g5 Rxe1 19. Rxe1 Nd7 20. Re8+ Nf8 21. Qh4 g6 22. Bc3 a4 23. Qh6 1-0

[Event "Fagernes op"]
[Site "Fagernes"]
[Date "2021.10.14"]
[Round "6"]
[White "Verbin, Valentina"]
[Black "Hausken, Andreas Skrede"]
[Result "0-1"]
[WhiteElo "2023"]
[BlackElo "1936"]
[PlyCount "62"]
[EventDate "2021.10.10"]
[EventType "swiss"]
[EventRounds "9"]
[EventCountry "NOR"]
[SourceTitle "CBM 204 Extra"]
[Source "ChessBase"]
[SourceDate "2021.11.30"]
[SourceVersion "1"]
[SourceVersionDate "2021.11.30"]
[SourceQuality "1"]

1. e4 e5 2. Nf3 Nc6 3. Bb5 a6 4. Ba4 Nf6 5. 0-0 b5 6. Bb3 Bc5 7. d3 d6 8. a4 Rb8 9. c3 0-0 10. h3 h6 11. d4 Bb6 12. Be3 Re8 13. Nbd2 exd4 14. cxd4 Na5 15. Bc2 Bb7 16. d5 Bxe3 17. fxe3 c6 18. Nd4 b4 19. Nf5 cxd5 20. exd5 Bxd5 21. Qe1 Be6 22. Qg3 Bxf5 23. Rxf5 Qb6 24. Kh1 Rxe3 25. Qf4 Rbe8 26. Rxf6 Re1+ 27. Nf1 Rxa1 28. Rxf7 Qc5 29. Rd7 Qc4 30. Bb3 Qxb3 31. Kh2 Qe6 0-1

[Event "Fagernes op"]
[Site "Fagernes"]
[Date "2020.10.10"]
[Round "8"]
[White "Schouten, Mathias Lind"]
[Black "Hausken, Andreas Skrede"]
[Result "1-0"]
[WhiteElo "1822"]
[BlackElo "1823"]
[PlyCount "89"]
[EventDate "2020.10.04"]
[EventType "swiss"]
[EventRounds "9"]
[EventCountry "NOR"]
[SourceTitle "EXT 2024"]
[Source "ChessBase"]
[SourceDate "2023.10.10"]
[SourceVersion "1"]
[SourceVersionDate "2023.10.10"]
[SourceQuality "1"]

1. e4 c5 2. Nf3 e6 3. d4 cxd4 4. Nxd4 Nc6 5. Nc3 Qc7 6. Be2 Nf6 7. Be3 Be7 8. 0-0 0-0 9. Kh1 d6 10. f4 Nxd4 11. Bxd4 e5 12. Be3 exf4 13. Bxf4 a6 14. Nd5 Nxd5 15. exd5 Bf5 16. c4 Qd7 17. a4 Bf6 18. Qd2 Bg6 19. a5 Rfe8 20. Ra3 Be5 21. Be3 Qe7 22. Bg4 Be4 23. Bg5 Qc7 24. Rc1 h6 25. Bh4 g5 26. Bf2 Bf4 27. Be3 Bxe3 28. Rxe3 Qc5 29. Rce1 Qxc4 30. Qe2 Qxe2 31. R3xe2 Re5 32. Rxe4 Rxd5 33. Re7 Rxa5 34. Rxb7 Rb5 35. Rxb5 axb5 36. Kg1 Kg7 37. b4 Ra2 38. Rb1 d5 39. Bd7 Kf6 40. Bxb5 Ke5 41. Bf1 d4 42. b5 Ke4 43. b6 Ra8 44. b7 Rb8 45. Kf2 1-0

[Event "Stavanger op"]
[Site "Stavanger"]
[Date "2018.10.11"]
[Round "2"]
[White "Unneland, Mathias"]
[Black "Hausken, Andreas Skrede"]
[Result "1-0"]
[WhiteElo "1884"]
[BlackElo "1723"]
[PlyCount "51"]
[EventDate "2018.10.10"]
[EventType "swiss"]
[EventRounds "9"]
[EventCountry "NOR"]
[SourceTitle "CBM 186 Extra"]
[Source "ChessBase"]
[SourceDate "2018.08.24"]
[SourceVersion "1"]
[SourceVersionDate "2018.08.24"]
[SourceQuality "1"]

1. d4 Nf6 2. c4 e6 3. Nc3 d5 4. cxd5 exd5 5. Bg5 Be7 6. e3 c6 7. Bd3 Nbd7 8. Nge2 Nf8 9. 0-0 Ne6 10. Bh4 0-0 11. Bc2 Re8 12. Qd3 g6 13. f3 Nh5 14. Bf2 Bd6 15. Rad1 Qc7 16. h3 Ng5 17. e4 Nxh3+ 18. gxh3 Bxh3 19. Rfe1 Qe7 20. f4 Nxf4 21. Nxf4 Qg5+ 22. Qg3 Bxf4 23. Qxg5 Bxg5 24. exd5 cxd5 25. Nxd5 Rxe1+ 26. Rxe1 1-0